000 01094nam a2200205 a 4500
001 55779
005 20180714051229.0
008 140415s2007 cc 000 0 spa d
020 _a9788448155940
041 _aspa
082 _a571.6
_bPAN
100 1 _aPANIAGUA, RICARDO
245 1 0 _aCITOLOGIA E HISTOLOGIA VEGETAL Y ANIMAL :
_bBIOLOGIA CELULAR
250 _a4ed.
260 _aCHINA :
_bMCGRAW HILL INTERAMERICANA DE ESPAÑA,
_c2007
300 _a190
_c21.5 x 1.9 x 27.5
520 _aEL ESTUDIANTE DE CIENCIAS BIOLOGICAS QUE DEBE CURSAR LA DISCIPLINA CITOLOGIA E HISTOLOGIA VEGETAL Y ANIMAL SE ENCUENTRA CON UN GRAVE PROBLEMA A LA HORA DE ELEGIR UN TEXTO PARA SU ESTUDIO. SI BIEN EXISTEN EXCELENTES MANUALES QUE TRATAN CON PROFUNDIDAD LA MAYORIA DE LOS TEMAS QUE FORMAN EL PROGRAMA DE LA ASIGNATURA, NINGUNO DE ELLOS, PESE A SU CONSIDERABLE EXTENSION, SE ADAPTA AL PROGRAMA COMPLETO.
650 1 4 _aCITOLOGIA
_xHISTOLOGIA
_xBIOLOGIA CELULAR
700 1 _aNISTAL, MANUEL -SESMA, PILAR -ALVAREZ-URIA, MANUEL -FRAILE, BENITO -ANADON, RAMON -SAENZ, FRANCISCO JOSE
_ecoaut.
999 _c55779
_d55779